| 000 | 00973nam a2200241Ia 4500 | ||
|---|---|---|---|
| 003 | OSt | ||
| 005 | 20200811114307.0 | ||
| 008 | 191128s1987 ck ao gr 000 0 spa d | ||
| 040 |
_aCO-JMCR _cCO-JMCR |
||
| 041 | 0 | _aspa | |
| 082 | 0 | 4 |
_a368.002 / _bB672m _223 |
| 100 | 1 |
_aBotero, Yolanda, _eautor _98568 |
|
| 245 | 1 | 0 |
_aManual del asegurado 1987 / _cYolanda Botero, José Pablo Navas, Luis Jorge Méndoza |
| 250 | _a1a. Edición | ||
| 260 |
_aBogotá : _bEdiciones Bancarias y Financieras, _c1987. |
||
| 300 |
_a88 páginas : _bilustraciones, fotografías a blanco y negro ; _c23 cm. |
||
| 505 | 0 | _aEntidades del sector -- Productros -- Valoración y tarificación -- Procedimiento para tomar un seguro | |
| 650 | 2 | 4 |
_aDerecho de seguros _zColombia _98569 |
| 650 | 2 | 4 |
_aCompañías de seguros _xLegislación _zColombia _98570 |
| 650 | 2 | 4 |
_aSeguros _xLegislación _zColombia _98571 |
| 700 |
_aNavas, José Pablo, autor Méndoza, Luis Jorge, autor-- _98572 |
||
| 942 |
_2ddc _cBK |
||
| 999 |
_c5991 _d5991 |
||